header

The goddesses' henchmen (Record no. 21581)

MARC details
000 -LEADER
fixed length control field 01373nam a2200337 a 4500
082 04 - DEWEY DECIMAL CLASSIFICATION NUMBER
Classification number 306/.0954/4
100 1# - MAIN ENTRY--AUTHOR NAME
Personal name Harlan, Lindsey.
245 14 - TITLE STATEMENT
Title The goddesses' henchmen
260 ## - PUBLICATION, DISTRIBUTION, ETC. (IMPRINT)
Place of publication Oxford ;
-- New York :
Name of publisher Oxford University Press,
Year of publication 2003.
300 ## - PHYSICAL DESCRIPTION
Number of Pages xiv, 258 p. :
Other physical details ill.
650 #0 - SUBJECT ADDED ENTRY--TOPICAL TERM
Topical Term Hero worship
Topical Term Nationalism
856 40 - ELECTRONIC LOCATION AND ACCESS
Uniform Resource Identifier http://site.ebrary.com/lib/rucke/Doc?id=10273124

No items available.

© 2026 Rongo University
Contact us: librarian | system librarian | Rongo university